| 000 | 00759nam a2200265Ia 4500 | ||
|---|---|---|---|
| 001 | Para_6621 | ||
| 003 | CHAP | ||
| 008 | 220125s1951 xx 000 0 und d | ||
| 010 | _a205420 | ||
| 040 | _cCHAP | ||
| 090 | _aPA FOLLETO 622 | ||
| 245 | _aComité Internacional de Coordinación para el combate de la Langosta México y Centro América | ||
| 260 |
_aManagua, Nicaragua : _b El Comité |
||
| 300 | _a26 p. | ||
| 440 |
_aBoletín informativo;11 _9171449 |
||
| 650 |
_aControl de Plagas _927595 |
||
| 650 |
_aLangosta como plaga _x México _964764 |
||
| 901 | _aPA FOLLETO 622 | ||
| 902 | _aA | ||
| 905 | _a0000001951 0000000000 00 | ||
| 910 | _a1951 | ||
| 942 | _cPARA | ||
| 942 |
_cPARA _d1 |
||
| 999 |
_c205420 _d205420 |
||